000 00587nam a2200193 4500
001 144882
003 ES-MaACL
005 20250804062747.0
007 t|
008 070214s1946 sp r ||||1| spa d
100 1 _aSimmel, Georg.
_9106480
245 1 0 _aProblemas fundamentales de la filosofía /
_cGeorg Simmel ; traducción del alemán de Fernando Vela.
260 _aMadrid :
_bRevista de Occidente,
_c1946.
300 _a206 p. ;
_c18 cm.
650 0 7 _aFilosofía
_2embne
_912802
700 1 _aVela, Fernando.
_9113674
852 _aES-MaACL
_jB-7385
999 _c144882
_d144882